00401nam a22001577a 450000500170000000800410001702000260005804000090008404100120009308200150010510000140012024500460013426000300018030000090021065000240021920260423131129.0260423b |||||||| |||| 00| 0 eng d a9789360533038c595.00 aMAIN aEnglish a006.3bDER aDe, Rahul aAI Artificial Intelligence for Managers aNew DelhibCengage c2025 aV.P. aCommerce (PM USHA)